02295 a2200193 4500008004100000020002800041041000800069082001700077100002100094245012500115250001200240260004000252300003400292505049500326520121300821650002302034700002502057700001902082230621b ||||| |||| 00| 0 eng d a9781398604438cGBP39.990 aeng00a658.5bG7611 aGrant, David B.  aSustainable Logistics and Supply Chain Management : Principles and Practices for Sustainable Operations and Management / a3rd ed. aLondon:bKogan Page Limited,c2023. axiii, 288 p. :bill. ;c24 cm0 aChapter - 00: Introduction;Chapter - 01: Logistics and supply chain management;Chapter - 02: Science of sustainability;Chapter - 03: Freight transport;Chapter - 04: Sustainable warehousing;Chapter - 05: Product design, cleaner production and packaging;Chapter - 06: Sustainable purchasing and procurement;Chapter - 07: Reverse logistics and recycling;Chapter - 08: Risk, resilience and corporate social responsibility;Chapter - 09: Sustainable logistics and supply chain management strategy aOur daily lives are permeated by the activities of logistics and supply chain, from food and clothing to doorstep deliveries. As these processes have the ability to significantly impact the natural environment, it has never been so important to develop and implement sustainable principles and practices. Sustainable Logistics and Supply Chain Management is an essential textbook for undergraduate and postgraduate students for understanding sustainability as it pertains to logistics operations. This book covers the direct environmental impacts of logistics and supply chain processes, including emissions and waste, as well as how wider changes such as globalization need to be given similar considerations. Presenting different pathways to guide readers, case studies and supported by extensive research, this book provides all the support needed to understand and implement a sustainable approach. Now in its third edition, Sustainable Logistics and Supply Chain Management is fully updated with the latest research and data including trends in logistics and supply chain management and new cases. Online resources include instructor manuals, lecturer slides and a complied list of figures and tables. 0aBusiness Logistics aTrautrims, Alexander aWong, Chee Yew